| 000 | 01575nam a22001817a 4500 | ||
|---|---|---|---|
| 003 | OSt | ||
| 005 | 20240404132525.0 | ||
| 008 | 240404s2016 ag ||||| |||| 00| 0 spa d | ||
| 020 | _a9789504949978 | ||
| 040 | _cbesoc | ||
| 100 |
_aBenedetti, Mario _eautor |
||
| 245 |
_aLa Muerte Y Otras Sorpresas. _c Mario Benedetti |
||
| 260 |
_aBs As _bEditorial Planeta _c2016 |
||
| 300 | _a183 p. | ||
| 505 | _aLa Muerte-El Altillo-Réquiem Con Tostadas-Ganas De Embromar-Todos Los Días Son Domingo-Los Bomberos-Musak-La Expresión-Datos Para El Viudo-A Imagen Y Semejanza-El Fin De La Disnea-La Noche De Los Feos-El Otro Yo-El Cambiazo-Para Objetos Solamente-Miss Amnesia-Acaso Irreparable-Péndulo-Cinco Años De Vida. | ||
| 520 | _aEn la ciudad, hombres y mujeres se aman y se odian, mueren, sobreviven, se deterioran y renacen, sonríen, lloran, se pierden y regresan a través de caminos muchas veces recorridos, o descubren nuevos senderos iluminados por un radiante sol. La soledad, las dificultades de comunicación, la conciencia de la muerte, la alegría o el paso del tiempo son algunos de los temas incluidos en estos diecinueve cuentos que retratan sorprendentes atmósferas de la vida cotidiana. Pocos escritores son capaces de enfrentar al lector con la vida y la muerte de una forma tan delicada, tan humana y al mismo tiempo brutal. Mario Benedetti, uno de los grandes genios de la literatura latinoamericana, nos zambulle en el inmenso océano de la existencia, mostrando a través de su mirada lo más íntimo de una realidad cruel, pero siempre | ||
| 942 |
_2udc _cLPD _n0 |
||
| 999 |
_c217 _d217 |
||